00399nam a22001457a 450000500170000000800410001708200170005810000180007524500530009325000060014626000600015230000110021249000110022365000190023420260407113839.0260407b |||||||| |||| 00| 0 eng d a307.1bMEH-J aMehdi, Hasan  aJournal of Rural Development and Administration  b4 aPeshawar bPakistan Academy for Rural Developmentc1996 a165 p. vXXVIII aAllied Subject